000 01265 a2200229 4500
001 4472
005 20260407155435.0
008 260407a1974 arg spa d
003 AR-UNSa-BCEJYS
040 _aAR-UNSa-BCEJYS
_bspa
_cAR-UNSa-BCEJYS
080 _a657
_xContabilidad
245 1 0 _aFundamentos de la contabilidad
264 1 _aBuenos Aires :
_bEdiciones Macchi
_c1974
300 _a316 p.
_c22 cm.
505 _a1. Introducción - 2. Momentos de la revelación de un hecho económico - 3. La Cuenta. Concepto - 4. Plan de cuentas - 5. La registración contable - 6. Libros principales y libros auxiliares - 7. Desarrollo de un caso práctico de registración en forma centralizada - 8. Medios manuales de registración - 9. Balance de comprobación de sumas y saldos - 10. Asientos de ajustes - 11. Estados contables básicos - 12. Balance general - 13. Estado de resultados - 14. Estado de resultados acumulados - 15. Estado de origen y aplicación de fondos - 16. Estados contables comparativos
041 _aspa
942 _cBK
590 _aniveau_biblio:m niveau_hierar:0
100 1 _aBiondi, Mario
700 1 _aTau de Zandoná, Maria Celia
856 4 1 _uhttps://biblioeco.unsa.edu.ar/pmb/images/libros/L25888.jpg
_yImagen de portada
_qimage/jpeg
999 _c426
_d426